书目信息 |
| 题名: |
中外学前教育史
|
|
| 作者: | 王善安 , 夏泽胜 主编 | |
| 分册: | ||
| 出版信息: | 天津 南开大学出版社 2020.7 |
|
| 页数: | 217页 | |
| 开本: | 26cm | |
| 丛书名: | ||
| 单 册: | ||
| 中图分类: | G619.1 | |
| 科图分类: | ||
| 主题词: | 学前教育--教育史--世界--教材 | |
| 电子资源: | ||
| ISBN: | 978-7-310-05630-9 | |
| 000 | 01244nam0 2200253 45 | |
| 001 | 012001000745 | |
| 005 | 20140820081742.0 | |
| 010 | @a978-7-310-05630-9@dCNY45.00 | |
| 100 | @a20190731d2018 em y0chiy0110 ea | |
| 101 | 0 | @achi |
| 102 | @aCN@b120000 | |
| 105 | @aa z 000yy | |
| 106 | @ar | |
| 200 | 1 | @a中外学前教育史@Azhong wai xue qian jiao yu shi@f王善安, 夏泽胜主编 |
| 210 | @a天津@c南开大学出版社@d2020.7 | |
| 215 | @a217页@c图@d26cm | |
| 300 | @a全国学前教育专业“十三五”系列规划教材 “互联网+”新形态一体化精品教材/张家琼总主编 | |
| 330 | @a本书共分十三章:第一章,中国古代的学前教育;第二章,清末的学前教育;第三章,民国时期的学前教育;第四章,中国古代学前教育思想;第五章,现代教育家的学前教育思想与实践;第六章,改革开放前中国的学前教育;第七章,改革开放至今中国学前教育的发展;第八章,古代东方国家的学前教育;第九章,古代西方国家的学前教育;第十章,西欧中世纪至文艺复兴时期的学前教育;第十一章,近现代发达国家学前教育的实践;第十二章,近现代教育家的学前教育思想;第十三章,当代国外学前教育的发展。 | |
| 606 | 0 | @a学前教育@x教育史@y世界@j教材 |
| 690 | @aG619.1@v5 | |
| 701 | 0 | @a王善安@Awang shan an@4主编 |
| 701 | 0 | @a夏泽胜@Axia ze sheng@4主编 |
| 801 | @aCN@bAHXH@c20210922 | |
| 905 | @b1247030-4@dG619.1@e1759@f5 | |
| 中外学前教育史/王善安, 夏泽胜主编.-天津:南开大学出版社,2020.7 |
| 217页:图;26cm |
| 全国学前教育专业“十三五”系列规划教材 “互联网+”新形态一体化精品教材/张家琼总主编 |
| ISBN 978-7-310-05630-9:CNY45.00 |
| 本书共分十三章:第一章,中国古代的学前教育;第二章,清末的学前教育;第三章,民国时期的学前教育;第四章,中国古代学前教育思想;第五章,现代教育家的学前教育思想与实践;第六章,改革开放前中国的学前教育;第七章,改革开放至今中国学前教育的发展;第八章,古代东方国家的学前教育;第九章,古代西方国家的学前教育;第十章,西欧中世纪至文艺复兴时期的学前教育;第十一章,近现代发达国家学前教育的实践;第十二章,近现代教育家的学前教育思想;第十三章,当代国外学前教育的发展。 |
| ● |
| 相关链接 |
|
|
|
|
正题名:中外学前教育史
索取号:G619.1/1759
 
预约/预借
| 序号 | 登录号 | 条形码 | 馆藏地/架位号 | 状态 | 备注 |
| 1 | 1247030 | 212470306 | 第一样本阅览室/ [索取号:G619.1/1759] | 在馆 | |
| 2 | 1247031 | 212470315 | 教育系资料室/ [索取号:G619.1/1759] | 在馆 | |
| 3 | 1247032 | 212470324 | 教育系资料室/ [索取号:G619.1/1759] | 在馆 | |
| 4 | 1247033 | 212470333 | 第四借阅区/ [索取号:G619.1/1759] | 在馆 | |
| 5 | 1247034 | 212470342 | 第四借阅区/ [索取号:G619.1/1759] | 在馆 |